Financial management, systems and techniques: passcards open learning material certificate stage (Record no. 43400)

MARC details
000 -LEADER
fixed length control field 00722nam a2200157 a 4500
008 - FIXED-LENGTH DATA ELEMENTS--GENERAL INFORMATION
fixed length control field 150826s2005 ||||||||||||||||| || u
020 ## - INTERNATIONAL STANDARD BOOK NUMBER
International Standard Book Number 9781844792955
050 ## - LIBRARY OF CONGRESS CALL NUMBER
Classification number HG 4026 Cha
110 ## - MAIN ENTRY--CORPORATE NAME
Corporate name or jurisdiction name as entry element The Chartered Institute of Public Finance and Accountancy
245 10 - TITLE STATEMENT
Title Financial management, systems and techniques: passcards open learning material certificate stage
Statement of responsibility, etc. by The Chartered Institute of Public Finance and Accountancy
260 ## - PUBLICATION, DISTRIBUTION, ETC.
Place of publication, distribution, etc. London
Name of publisher, distributor, etc. Pearson Education, Inc
Date of publication, distribution, etc. 2005
300 ## - PHYSICAL DESCRIPTION
Extent viii, 212p.
350 ## - PRICE (NR) (BK AM CF MU VM SE) [OBSOLETE]
Price 1.00
650 ## - SUBJECT ADDED ENTRY--TOPICAL TERM
Topical term or geographic name entry element CORPORATIONS--FINANCE
995 ## - RECOMMENDATION 995 [LOCAL, UNIMARC FRANCE]
-- CBU-MAIN LIBRARY (Kitwe)
-- 1.00
-- 1
-- AVAILABLE
-- Sep 8, 2015
-- Main Library Open Access Collection
Holdings
Withdrawn status Lost status Source of classification or shelving scheme Damaged status Not for loan Home library Current library Shelving location Date acquired Total Checkouts Full call number Barcode Date last seen Date last checked out Price effective from Koha item type
          CBU-MAIN LIBRARY, KITWE. CBU-MAIN LIBRARY, KITWE.   11/30/2022 2 HG 4026 Cha 745631 07/11/2025 04/24/2025 11/30/2022 MONOGRAPH